[Event "85. Argentino Superior Absoluto 2010 "]
[Site "Buenos Aires ARG"]
[Date "2010.07.14"]
[Round "9.15"]
[White "Koch, Juan"]
[Black "Lopez, Ricardo"]
[Result "0-1"]
[WhiteElo "2087"]
[BlackElo "2187"]
[PlyCount "73"]
[EventDate "2010.07.05"]
[EventType "swiss"]
[EventRounds "9"]
[EventCountry "ARG"]
[Source "lmi"]
[SourceDate "2010.07.05"]

1. c4 c5 2. Nc3 g6 3. Nf3 Bg7 4. e3 Nc6 5. d4 cxd4 6. exd4 d6 7. Be2 Nh6 8. d5
Nb8 9. h3 Qb6 10. Na4 Qc7 11. O-O Bd7 12. Bf4 Na6 13. Rc1 Bxa4 14. Qxa4+ Qd7
15. Qa5 Qd8 16. Qd2 Ng8 17. b4 Nf6 18. c5 Nc7 19. cxd6 exd6 20. Rxc7 Qxc7 21.
Bb5+ Kf8 22. Re1 a6 23. Rc1 Qd8 24. Bf1 Ne8 25. Bg5 Bf6 26. Bh6+ Kg8 27. g4 Rc8
28. Rd1 Ng7 29. Nd4 Ne8 30. a4 Bg7 31. Bg5 Nf6 32. a5 Ne4 33. Bxd8 Nxd2 34. Be7
Bxd4 35. Rxd2 Be5 36. Bg5 f6 37. Be3 0-1

[Event "85. Argentino Superior Absoluto 2010 "]
[Site "Buenos Aires ARG"]
[Date "2010.07.14"]
[Round "9.16"]
[White "Tomeo, Nicolas"]
[Black "Valli, Americo"]
[Result "1/2-1/2"]
[WhiteElo "2137"]
[BlackElo "1972"]
[PlyCount "85"]
[EventDate "2010.07.05"]
[EventType "swiss"]
[EventRounds "9"]
[EventCountry "ARG"]
[Source "lmi"]
[SourceDate "2010.07.05"]

1. d4 d5 2. Nf3 Nf6 3. c4 g6 4. cxd5 Bg7 5. Nc3 Nxd5 6. e4 Nxc3 7. bxc3 c5 8.
Be3 Qa5 9. Qd2 Nc6 10. Rc1 Bg4 11. d5 Rd8 12. Qb2 Bxf3 13. gxf3 Nd4 14. Bxd4
cxd4 15. Qb5+ Qxb5 16. Bxb5+ Kf8 17. cxd4 Bxd4 18. Rc7 a6 19. Ba4 b6 20. Ke2
Bc5 21. Rd1 Bd6 22. Rc6 b5 23. Bb3 Bxh2 24. Rxa6 Kg7 25. Ra7 Kf6 26. Ke3 g5 27.
Ra5 Bf4+ 28. Ke2 Rhg8 29. Ra6+ Kg7 30. Ra7 Kf6 31. Ra6+ Kg7 32. Rh1 h5 33. Kf1
h4 34. Kg2 Rc8 35. Kh3 Rc1 36. Rxc1 Bxc1 37. Ra7 Kf6 38. e5+ Kxe5 39. Rxe7+ Kd6
40. Rxf7 Bf4 41. Rf6+ Kc5 42. Rf5 b4 43. Rf6 1/2-1/2

[Event "85. Argentino Superior Absoluto 2010 "]
[Site "Buenos Aires ARG"]
[Date "2010.07.14"]
[Round "9.17"]
[White "Cabral, Matias Andres"]
[Black "Benedetti, Julio"]
[Result "1/2-1/2"]
[WhiteElo "2098"]
[BlackElo "1945"]
[PlyCount "111"]
[EventDate "2010.07.05"]
[EventType "swiss"]
[EventRounds "9"]
[EventCountry "ARG"]
[Source "lmi"]
[SourceDate "2010.07.05"]

1. e4 d5 2. exd5 Nf6 3. Nc3 Nxd5 4. Bc4 Nxc3 5. Qf3 e6 6. dxc3 Nd7 7. Bf4 c6 8.
Ne2 Qf6 9. Qg3 Bc5 10. O-O h6 11. Rad1 O-O 12. b4 Be7 13. Rd2 Nb6 14. Bb3 Nd5
15. Be5 Qg5 16. f4 Qxg3 17. Nxg3 b6 18. a3 Ba6 19. Rf3 Rfd8 20. Ne4 f6 21. Bd4
Rac8 22. c4 Nc7 23. f5 e5 24. Be3 Rxd2 25. Bxd2 c5 26. Rd3 Kf8 27. bxc5 bxc5
28. Be3 Na8 29. Rd7 Nb6 30. Rxa7 Bxc4 31. Rxe7 Kxe7 32. Bxc5+ Rxc5 33. Nxc5 Kd6
34. Ne4+ Kd5 35. Nd2 Bxb3 36. cxb3 Kd4 37. a4 Kc3 38. a5 Na8 39. Ne4+ Kxb3 40.
Kf2 Kb4 41. a6 Kb5 42. Kf3 Kxa6 43. Nc5+ Kb5 44. Ne6 Kc4 45. Nxg7 Kd3 46. Kf2
Nc7 47. Ne6 Na6 48. g4 e4 49. h4 e3+ 50. Kf3 Kd2 51. Nf4 Nc5 52. Ne2 Nd3 53.
Nd4 Ne5+ 54. Kf4 Kd3 55. Nb3 Nf7 56. Kf3 1/2-1/2

[Event "85. Argentino Superior Absoluto 2010 "]
[Site "Buenos Aires ARG"]
[Date "2010.07.14"]
[Round "9.18"]
[White "Lezcano, Gustavo"]
[Black "Leeuw, Pablo"]
[Result "1/2-1/2"]
[WhiteElo "2177"]
[BlackElo "2071"]
[PlyCount "50"]
[EventDate "2010.07.05"]
[EventType "swiss"]
[EventRounds "9"]
[EventCountry "ARG"]
[Source "lmi"]
[SourceDate "2010.07.05"]

1. e4 e6 2. d4 d5 3. e5 b6 4. c3 Qd7 5. Bd3 Ba6 6. Bc2 c5 7. Ne2 Ne7 8. O-O Nf5
9. Bxf5 exf5 10. Re1 Bxe2 11. Rxe2 Nc6 12. h4 Be7 13. Bg5 Bxg5 14. hxg5 c4 15.
e6 fxe6 16. Nd2 O-O 17. Nf3 Rae8 18. Qd2 Rf7 19. Rae1 g6 20. Qf4 b5 21. a3 a5
22. Ne5 Nxe5 23. Rxe5 Qd6 24. g3 Qd7 25. Kg2 Qc6 1/2-1/2

[Event "85. Argentino Superior Absoluto 2010 "]
[Site "Buenos Aires ARG"]
[Date "2010.07.14"]
[Round "9.19"]
[White "Cereijo, Nicolas"]
[Black "Sanchez, Christian"]
[Result "1-0"]
[WhiteElo "2139"]
[BlackElo "2028"]
[PlyCount "93"]
[EventDate "2010.07.05"]
[EventType "swiss"]
[EventRounds "9"]
[EventCountry "ARG"]
[Source "lmi"]
[SourceDate "2010.07.05"]

1. e4 e6 2. d4 d5 3. Nc3 dxe4 4. Nxe4 Nd7 5. Nf3 Ngf6 6. Bd3 Nxe4 7. Bxe4 Nf6
8. Bg5 Be7 9. Bd3 O-O 10. O-O b6 11. c3 Bb7 12. Ne5 c5 13. dxc5 Qd5 14. c6 Bxc6
15. Nxc6 Qxc6 16. Qc2 Qc5 17. Bxf6 Bxf6 18. Bxh7+ Kh8 19. Bd3 Rac8 20. Rae1 g6
21. Re3 Kg7 22. Rg3 Qh5 23. Re1 Rh8 24. h3 Rhe8 25. Re4 Rc5 26. h4 Re5 27. Rxe5
Bxe5 28. Bxg6 fxg6 29. Rg5 Bh2+ 30. Kh1 Qh6 31. g3 Bxg3 32. fxg3 Rf8 33. Qd2
Rf5 34. Qd7+ Kf6 35. Qd8+ Kf7 36. Kg2 Rd5 37. Rxd5 exd5 38. Qxd5+ Ke8 39. Qa8+
Kd7 40. Qxa7+ Kc6 41. Qa4+ Kb7 42. Qf4 Qg7 43. Qe4+ Ka7 44. a4 g5 45. a5 gxh4
46. axb6+ Kb8 47. Qf4+ 1-0

[Event "85. Argentino Superior Absoluto 2010 "]
[Site "Buenos Aires ARG"]
[Date "2010.07.14"]
[Round "9.21"]
[White "Ligato, Guillermo Fe"]
[Black "Giuliani, German"]
[Result "0-1"]
[WhiteElo "1944"]
[BlackElo "1864"]
[PlyCount "59"]
[EventDate "2010.07.05"]
[EventType "swiss"]
[EventRounds "9"]
[EventCountry "ARG"]
[Source "lmi"]
[SourceDate "2010.07.05"]

1. e4 g5 2. c4 c5 3. d4 Bg7 4. d5 d6 5. Bd3 Nd7 6. h4 gxh4 7. Rxh4 Ne5 8. Be2
Nf6 9. Nc3 Rg8 10. f4 Ng6 11. Rh1 h5 12. Nf3 Bg4 13. Ng5 Qd7 14. Bd2 Bxe2 15.
Qxe2 Bh6 16. O-O-O Nxf4 17. Bxf4 Bxg5 18. Bxg5 Rxg5 19. Rhf1 Qg4 20. Qc2 O-O-O
21. Rxf6 exf6 22. Qa4 Qf4+ 23. Kc2 Rxg2+ 24. Kb3 Qf2 25. Rb1 Qc2+ 26. Ka3 Qxa4+
27. Kxa4 h4 28. Rh1 Rh8 29. Nb5 Kd7 30. Nxa7 0-1

[Event "85. Argentino Superior Absoluto 2010 "]
[Site "Buenos Aires ARG"]
[Date "2010.07.14"]
[Round "9.25"]
[White "Asad, Jonathan"]
[Black "Mazzoleni, Julio"]
[Result "1/2-1/2"]
[WhiteElo "1702"]
[BlackElo "2123"]
[PlyCount "41"]
[EventDate "2010.07.05"]
[EventType "swiss"]
[EventRounds "9"]
[EventCountry "ARG"]
[Source "lmi"]
[SourceDate "2010.07.05"]

1. e4 Nc6 2. Nf3 e5 3. Bb5 Bc5 4. O-O Qf6 5. Nc3 Nge7 6. Bxc6 dxc6 7. h3 O-O 8.
d3 h6 9. Be3 Bb6 10. Na4 Ng6 11. Nxb6 axb6 12. d4 Rd8 13. Nxe5 Be6 14. Nxg6
Qxg6 15. Qf3 f5 16. exf5 Bxf5 17. c3 Bd3 18. Rfe1 Rac8 19. a3 Bf5 20. Qg3 Qxg3
21. fxg3 1/2-1/2

[Event "85. Argentino Superior Absoluto 2010 "]
[Site "Buenos Aires ARG"]
[Date "2010.07.15"]
[Round "10.1"]
[White "Valerga, Diego"]
[Black "Felgaer, Ruben"]
[Result "1/2-1/2"]
[WhiteElo "2506"]
[BlackElo "2584"]
[PlyCount "86"]
[EventDate "2010.07.05"]
[EventType "swiss"]
[EventRounds "9"]
[EventCountry "ARG"]
[Source "lmi"]
[SourceDate "2010.07.05"]

1. d4 d5 2. c4 c6 3. Nf3 Nf6 4. Nc3 dxc4 5. a4 Bf5 6. Ne5 Nbd7 7. Nxc4 Nb6 8.
Ne5 a5 9. e3 g6 10. Bd3 Bxd3 11. Nxd3 Bg7 12. Qb3 O-O 13. O-O Nfd7 14. Ne2 e5
15. Nxe5 Nxe5 16. dxe5 Bxe5 17. e4 Bc7 18. Be3 Qd6 19. Ng3 Qe6 20. Qc3 Nc4 21.
Bd4 Rfd8 22. Rad1 Bf4 23. Bh8 Bh6 24. f4 b5 25. f5 Qe7 26. Bf6 Qc5+ 27. Kh1
Rxd1 28. Rxd1 Qe3 29. Rd3 Qc1+ 30. Qxc1 Bxc1 31. b3 Bb2 32. Be7 Ne5 33. Rd2 Bc3
34. Rc2 Bb4 35. Bf6 Nd7 36. Rxc6 bxa4 37. bxa4 Nxf6 38. Rxf6 Rc8 39. Kg1 Rc4
40. Ra6 Bc3 41. Ne2 Bb4 42. Nf4 Rxe4 43. Nd5 Bc5+ 1/2-1/2

[Event "85. Argentino Superior Absoluto 2010 "]
[Site "Buenos Aires ARG"]
[Date "2010.07.15"]
[Round "10.2"]
[White "Slipak, Sergio"]
[Black "Ricardi, Pablo"]
[Result "1/2-1/2"]
[WhiteElo "2440"]
[BlackElo "2512"]
[PlyCount "28"]
[EventDate "2010.07.05"]
[EventType "swiss"]
[EventRounds "9"]
[EventCountry "ARG"]
[Source "lmi"]
[SourceDate "2010.07.05"]

1. e4 d5 2. exd5 Qxd5 3. Nc3 Qa5 4. g3 Nf6 5. Bg2 g6 6. Nf3 Bg7 7. O-O O-O 8.
d3 Qh5 9. Ng5 Qxd1 10. Rxd1 Nc6 11. Bxc6 bxc6 12. Na4 Rb8 13. c3 Rd8 14. Be3
Bf5 1/2-1/2

[Event "85. Argentino Superior Absoluto 2010 "]
[Site "Buenos Aires ARG"]
[Date "2010.07.15"]
[Round "10.3"]
[White "Peralta, Fernando"]
[Black "Iermito, Sebastian"]
[Result "0-1"]
[WhiteElo "2570"]
[BlackElo "2457"]
[PlyCount "77"]
[EventDate "2010.07.05"]
[EventType "swiss"]
[EventRounds "9"]
[EventCountry "ARG"]
[Source "lmi"]
[SourceDate "2010.07.05"]

1. d4 Nf6 2. c4 c5 3. d5 e6 4. Nc3 exd5 5. cxd5 d6 6. e4 g6 7. f4 Bg7 8. Bb5+
Nfd7 9. Nf3 a6 10. Bd3 b5 11. O-O O-O 12. Kh1 Nb6 13. f5 N8d7 14. Bg5 Bf6 15.
Qd2 Ne5 16. Bxf6 Qxf6 17. Rae1 Nbd7 18. Ng1 g5 19. Be2 Kh8 20. Nd1 b4 21. Ne3
Rg8 22. Bd1 Bb7 23. Ba4 Nb6 24. Bc6 Bxc6 25. dxc6 Nxc6 26. Ng4 Qd4 27. Qe2 Qg7
28. Qe3 f6 29. b3 Nd7 30. Rd1 Qe7 31. Nh6 Rge8 32. Rxd6 Nd4 33. Nf3 Kg7 34.
Nxd4 cxd4 35. Qe1 Rad8 36. Re6 Qc5 37. Qa1 Ne5 38. Rc1 Qa7 39. Ng4 0-1

[Event "85. Argentino Superior Absoluto 2010 "]
[Site "Buenos Aires ARG"]
[Date "2010.07.15"]
[Round "10.4"]
[White "Mareco, Sandro"]
[Black "Garcia, Raimundo"]
[Result "1-0"]
[WhiteElo "2527"]
[BlackElo "2314"]
[PlyCount "121"]
[EventDate "2010.07.05"]
[EventType "swiss"]
[EventRounds "9"]
[EventCountry "ARG"]
[Source "lmi"]
[SourceDate "2010.07.05"]

1. d4 Nf6 2. c4 c5 3. d5 d6 4. Nc3 g6 5. Nf3 Bg7 6. g3 O-O 7. Bg2 Na6 8. O-O
Nc7 9. e4 a6 10. a4 Rb8 11. a5 b5 12. axb6 Rxb6 13. Re1 e5 14. Rb1 Bd7 15. Bd2
a5 16. Na4 Ra6 17. Bc3 Nfe8 18. Ra1 f5 19. Nd2 Nf6 20. exf5 gxf5 21. Nb3 Nce8
22. Naxc5 dxc5 23. Nxc5 Ra7 24. Bxe5 Ng4 25. Bxg7 Nxg7 26. Qd4 Qf6 27. Qxf6
Nxf6 28. b4 Rc8 29. Rec1 Be8 30. Nb3 a4 31. Nd4 Ne4 32. c5 Rb7 33. Bxe4 fxe4
34. b5 Bxb5 35. c6 Rbb8 36. d6 Ne6 37. Nxb5 Rxb5 38. d7 Rc7 39. Rxa4 Rd5 40.
Rxe4 Kf7 41. Rxe6 Kxe6 42. Re1+ Kf7 43. Re8 Rcxd7 44. cxd7 Rxd7 45. Re5 Kf6 46.
Ra5 Kg6 47. g4 Rd4 48. h3 Rd3 49. Kg2 Rb3 50. f3 Rc3 51. Kg3 Rb3 52. h4 Rc3 53.
Ra6+ Kg7 54. g5 Rc4 55. h5 Rb4 56. Ra7+ Kg8 57. f4 Rb3+ 58. Kg4 Rb4 59. Ra8+
Kg7 60. h6+ Kf7 61. Rh8 1-0

[Event "85. Argentino Superior Absoluto 2010 "]
[Site "Buenos Aires ARG"]
[Date "2010.07.15"]
[Round "10.6"]
[White "Filgueira, Hernan"]
[Black "Pierrot, Facundo"]
[Result "0-1"]
[WhiteElo "2347"]
[BlackElo "2431"]
[PlyCount "104"]
[EventDate "2010.07.05"]
[EventType "swiss"]
[EventRounds "9"]
[EventCountry "ARG"]
[Source "lmi"]
[SourceDate "2010.07.05"]

1. d4 Nf6 2. c4 g6 3. Nc3 d5 4. Nf3 Bg7 5. Bg5 Ne4 6. Bh4 Nxc3 7. bxc3 dxc4 8.
Qa4+ Qd7 9. Qxc4 b6 10. Bg3 c5 11. Ne5 Bxe5 12. Bxe5 Ba6 13. Qb3 O-O 14. e3
Bxf1 15. Kxf1 Nc6 16. Bg3 Na5 17. Qb1 cxd4 18. cxd4 Rac8 19. h3 Rc3 20. Kg1
Rfc8 21. Kh2 Rc2 22. Rd1 Qa4 23. d5 h5 24. h4 Nb7 25. Qb3 Qd7 26. Rd4 Nd6 27.
e4 R8c3 28. Qa4 b5 29. Qa6 Nc4 30. Qc6 Qxc6 31. dxc6 Nd6 32. a4 Rxc6 33. axb5
Nxb5 34. Rd8+ Kg7 35. Ra5 a6 36. Ra8 Re2 37. R8xa6 Rxa6 38. Rxa6 Rxe4 39. f3
Re2 40. Ra5 Nd6 41. Kh3 Nf5 42. Bf4 Rf2 43. Bb8 f6 44. Ra3 e5 45. Ra7+ Kg8 46.
Ra6 Rf1 47. Kh2 Ne3 48. Rxf6 Ng4+ 49. fxg4 Rxf6 50. Bxe5 Re6 51. Bf4 hxg4 52.
Kg3 Re2 0-1

[Event "85. Argentino Superior Absoluto 2010 "]
[Site "Buenos Aires ARG"]
[Date "2010.07.15"]
[Round "10.7"]
[White "Spata, German"]
[Black "Mahia, Gustavo"]
[Result "1-0"]
[WhiteElo "2286"]
[BlackElo "2393"]
[PlyCount "161"]
[EventDate "2010.07.05"]
[EventType "swiss"]
[EventRounds "9"]
[EventCountry "ARG"]
[Source "lmi"]
[SourceDate "2010.07.05"]

1. Nf3 d5 2. b3 Nf6 3. Bb2 g6 4. Bxf6 exf6 5. e3 Bg7 6. d4 O-O 7. Be2 Nd7 8.
O-O f5 9. c4 dxc4 10. bxc4 c5 11. Nc3 f4 12. exf4 cxd4 13. Nxd4 Nb6 14. Ndb5 a6
15. Qxd8 Rxd8 16. Nc7 Bxc3 17. Nxa8 Nxa8 18. Rad1 Bd2 19. Bf3 Kf8 20. Rfe1 Nb6
21. c5 Na4 22. Re2 Ba5 23. Rxd8+ Bxd8 24. c6 b6 25. c7 Bxc7 26. Bc6 Be6 27.
Bxa4 Bxf4 28. Bb3 Ke7 29. g3 Bd6 30. Kg2 b5 31. Kf3 a5 32. Bxe6 fxe6 33. Rb2 b4
34. Ke4 Kf6 35. Rd2 Bc5 36. Rc2 Bb6 37. f4 Bg1 38. h3 h5 39. Rc6 Bf2 40. g4
hxg4 41. hxg4 a4 42. Ra6 a3 43. f5 gxf5+ 44. gxf5 Be1 45. Rxe6+ Kf7 46. Kd5 Bc3
47. Kc4 Kg7 48. Re3 Kf6 49. Rf3 Bd2 50. Kd3 Bc3 51. Ke4 Bb2 52. Rg3 Ke7 53. Rh3
Kf7 54. Kf4 Bc1+ 55. Kg4 Bb2 56. Rh7+ Kf6 57. Rb7 Bc3 58. Kf4 Bd2+ 59. Ke4 Bc3
60. Ra7 Bb2 61. Rb7 Bc3 62. Rb6+ Ke7 63. Rb8 Kf6 64. Rb7 Kg5 65. Rb6 Bd2 66.
Rg6+ Kh5 67. Rg3 Be1 68. Re3 Bc3 69. Kd5 Kg5 70. Ke6 Kf4 71. Rh3 Kg5 72. Rd3
Bb2 73. Re3 Bc3 74. Re2 b3 75. Rg2+ Kh5 76. axb3 Bb2 77. f6 a2 78. Rg1 a1=Q 79.
Rxa1 Bxa1 80. f7 Bg7 81. b4 1-0

[Event "85. Argentino Superior Absoluto 2010 "]
[Site "Buenos Aires ARG"]
[Date "2010.07.15"]
[Round "10.8"]
[White "Tristan, Leonardo"]
[Black "Quiroga, Facundo"]
[Result "1/2-1/2"]
[WhiteElo "2393"]
[BlackElo "2340"]
[PlyCount "124"]
[EventDate "2010.07.05"]
[EventType "swiss"]
[EventRounds "9"]
[EventCountry "ARG"]
[Source "lmi"]
[SourceDate "2010.07.05"]

1. e4 c5 2. Nc3 d6 3. Bb5+ Bd7 4. a4 a6 5. Bxd7+ Nxd7 6. f4 b5 7. axb5 axb5 8.
Rxa8 Qxa8 9. Nf3 Qb7 10. d3 g6 11. e5 b4 12. Ne4 d5 13. e6 dxe4 14. exd7+ Qxd7
15. Ne5 Qb5 16. Be3 Nf6 17. Qa1 Nd7 18. Qa8+ Nb8 19. Nc6 Qxc6 20. Qxb8+ Kd7 21.
dxe4 Bg7 22. Qa7+ Qc7 23. Qxc7+ Kxc7 24. Bxc5 Bxb2 25. Bxb4 Rb8 26. Ba5+ Kc6
27. Ke2 e5 28. g3 exf4 29. gxf4 Rb5 30. Bd2 Rh5 31. Kd3 Rh3+ 32. Kc4 Ba3 33.
Bc3 Bd6 34. e5 Bc7 35. Ra1 Kb7 36. Bd4 Rxh2 37. c3 Rb2 38. Ra7+ Kc6 39. Ra8 Rb8
40. Ra6+ Bb6 41. Ra1 Rc8 42. Rb1 Bc7 43. Ra1 h5 44. Ra6+ Kb7 45. Ra7+ Kc6 46.
Ra6+ Kb7 47. Kb5 Re8 48. Ra7+ Kb8 49. Ra2 Kb7 50. Ra7+ Kb8 51. Kc6 Re6+ 52. Kd5
h4 53. Ra2 Kb7 54. c4 Ra6 55. Rh2 Bd8 56. c5 Ra3 57. c6+ Kc8 58. Rc2 Bc7 59.
Rh2 Ra5+ 60. Ke4 Ra4 61. Kd5 Ra5+ 62. Ke4 Ra4 1/2-1/2

[Event "85. Argentino Superior Absoluto 2010 "]
[Site "Buenos Aires ARG"]
[Date "2010.07.15"]
[Round "10.9"]
[White "Julia, Ernesto"]
[Black "Gaitan, Juan Manuel"]
[Result "1-0"]
[WhiteElo "2378"]
[BlackElo "2047"]
[PlyCount "55"]
[EventDate "2010.07.05"]
[EventType "swiss"]
[EventRounds "9"]
[EventCountry "ARG"]
[Source "lmi"]
[SourceDate "2010.07.05"]

1. g3 d5 2. Bg2 Nf6 3. d3 e5 4. c4 d4 5. Nf3 Nc6 6. O-O Be7 7. b4 Bxb4 8. Nxe5
Nxe5 9. Qa4+ Nc6 10. Bxc6+ bxc6 11. Qxb4 Nd7 12. Ba3 Rg8 13. Nd2 f5 14. Nf3 a5
15. Qd2 c5 16. Rab1 Kf7 17. e3 Re8 18. exd4 cxd4 19. Qf4 Kg8 20. Rfe1 Nf6 21.
Nxd4 Ne4 22. Bb2 Nc5 23. Nxf5 Nxd3 24. Qg4 Rxe1+ 25. Rxe1 g6 26. Nh6+ Kf8 27.
Qf3+ Bf5 28. Rd1 1-0

[Event "85. Argentino Superior Absoluto 2010 "]
[Site "Buenos Aires ARG"]
[Date "2010.07.15"]
[Round "10.10"]
[White "Lopez, Ricardo"]
[Black "Dos Santos, Ramiro"]
[Result "0-1"]
[WhiteElo "2187"]
[BlackElo "2442"]
[PlyCount "88"]
[EventDate "2010.07.05"]
[EventType "swiss"]
[EventRounds "9"]
[EventCountry "ARG"]
[Source "lmi"]
[SourceDate "2010.07.05"]

1. e4 c5 2. Nf3 Nc6 3. Bb5 g6 4. O-O Bg7 5. Re1 Nf6 6. e5 Nd5 7. Nc3 Nc7 8.
Bxc6 dxc6 9. Ne4 b6 10. d3 O-O 11. h3 Ne6 12. Neg5 h6 13. Nxe6 Bxe6 14. b3 Qd5
15. Bb2 Rfd8 16. Qe2 b5 17. Rad1 a5 18. c4 Qd7 19. d4 bxc4 20. bxc4 Qa7 21.
dxc5 Qxc5 22. Rc1 Rab8 23. Rc3 Qb4 24. Ba1 c5 25. Nd2 a4 26. Rd3 Kh7 27. Rc1
Bf5 28. Rd5 Qa3 29. Re1 Qxa2 30. Bc3 Rxd5 31. cxd5 Qxd5 32. Ra1 Bd7 33. Qe3 Bc6
34. f3 Rd8 35. Nf1 e6 36. Ng3 Qc4 37. Rc1 Rd3 38. Qe1 a3 39. Ba1 Qa2 40. Rxc5
Bd5 41. Nf1 Qb3 42. Rc3 Rd1 43. Qf2 Qb1 44. Rxa3 Bc4 0-1

[Event "85. Argentino Superior Absoluto 2010 "]
[Site "Buenos Aires ARG"]
[Date "2010.07.15"]
[Round "10.11"]
[White "Ponzo, Fabian"]
[Black "Virgillito, Cristian"]
[Result "0-1"]
[WhiteElo "2027"]
[BlackElo "2238"]
[PlyCount "112"]
[EventDate "2010.07.05"]
[EventType "swiss"]
[EventRounds "9"]
[EventCountry "ARG"]
[Source "lmi"]
[SourceDate "2010.07.05"]

1. b3 d5 2. Bb2 Bg4 3. d3 Nd7 4. Nd2 e5 5. Ngf3 Bd6 6. g3 Ngf6 7. Bg2 Qe7 8. e4
dxe4 9. dxe4 Ba3 10. Qc1 Bxb2 11. Qxb2 O-O-O 12. Qc3 Rhe8 13. h3 Bh5 14. Nh4
Qc5 15. Qxc5 Nxc5 16. Nf5 Ne6 17. g4 Bg6 18. O-O-O Nf4 19. Bf3 Bxf5 20. gxf5 g6
21. fxg6 hxg6 22. Bg4+ Kb8 23. Nc4 Rxd1+ 24. Rxd1 Nxe4 25. Nxe5 Nxf2 26. Nd7+
Ka8 27. Rf1 Nxg4 28. hxg4 g5 29. Nf6 Re6 30. Rd1 b5 31. Nd7 a5 32. Nc5 Re5 33.
b4 axb4 34. Na6 Ne2+ 35. Kb2 Kb7 36. Nxb4 Re4 37. a3 Rxg4 38. Rd7 f5 39. Rd5 f4
40. Rxb5+ Kc8 41. Nc6 Rg2 42. a4 Kd7 43. Ne5+ Ke6 44. Nf3 g4 45. Ng5+ Kd6 46.
Ne4+ Kc6 47. Rb4 f3 48. a5 Nf4 49. Kb3 Nd5 50. Rb8 Rg1 51. Rg8 Kb7 52. Rg6 Ne7
53. Rg7 Nf5 54. Rg5 Nd6 55. Nd2 f2 56. c4 Ne4 0-1

[Event "85. Argentino Superior Absoluto 2010 "]
[Site "Buenos Aires ARG"]
[Date "2010.07.15"]
[Round "10.12"]
[White "Sanhueza, Cristian"]
[Black "Martinez de Negri, Gonzalo"]
[Result "1-0"]
[WhiteElo "2199"]
[BlackElo "2069"]
[PlyCount "55"]
[EventDate "2010.07.05"]
[EventType "swiss"]
[EventRounds "9"]
[EventCountry "ARG"]
[Source "lmi"]
[SourceDate "2010.07.05"]

1. e4 c5 2. Nf3 Nc6 3. d4 cxd4 4. Nxd4 e5 5. Nb5 a6 6. Nd6+ Bxd6 7. Qxd6 Qf6 8.
Qxf6 Nxf6 9. Nc3 Nb4 10. Bd3 d5 11. exd5 Nxd3+ 12. cxd3 Bf5 13. O-O O-O-O 14.
Re1 Rhe8 15. Bg5 Bxd3 16. Rad1 Bf5 17. Bh4 b5 18. d6 Re6 19. Nd5 Bg6 20. Ne7+
Kb7 21. Bg3 Nd7 22. f4 Bh5 23. f5 Rh6 24. Rd2 f6 25. Rc1 Nb8 26. Rc7+ Kb6 27.
Nd5+ Ka5 28. Rd3 1-0

[Event "85. Argentino Superior Absoluto 2010 "]
[Site "Buenos Aires ARG"]
[Date "2010.07.15"]
[Round "10.13"]
[White "Cabral, Matias Andres"]
[Black "Barrionuevo, Pablo"]
[Result "0-1"]
[WhiteElo "2098"]
[BlackElo "2337"]
[PlyCount "72"]
[EventDate "2010.07.05"]
[EventType "swiss"]
[EventRounds "9"]
[EventCountry "ARG"]
[Source "lmi"]
[SourceDate "2010.07.05"]

1. e4 d6 2. g3 Nf6 3. Bg2 g6 4. d3 Bg7 5. f4 O-O 6. Nf3 c5 7. Nc3 Nc6 8. Be3
Bg4 9. h3 Bxf3 10. Qxf3 Nd7 11. O-O Qa5 12. Nd1 Rac8 13. Qf2 b5 14. Qd2 b4 15.
a3 Qa4 16. Qc1 Qb5 17. a4 Qa6 18. Qd2 Nd4 19. Kh1 b3 20. Bxd4 cxd4 21. cxb3 Nc5
22. Ra3 Qxd3 23. Qa5 Nxe4 24. Re1 Nxg3+ 25. Kh2 Rc2 26. Qg5 Rxg2+ 27. Kxg2 Qd2+
28. Nf2 Qxe1 29. Qxg3 Rc8 30. Qd3 Rc1 31. b4 Qg1+ 32. Kf3 Re1 33. Qc4 Rf1 34.
Qc8+ Bf8 35. Qc2 e5 36. fxe5 Qh1+ 0-1

[Event "85. Argentino Superior Absoluto 2010 "]
[Site "Buenos Aires ARG"]
[Date "2010.07.15"]
[Round "10.15"]
[White "Valli, Americo"]
[Black "Cereijo, Nicolas"]
[Result "1-0"]
[WhiteElo "1972"]
[BlackElo "2139"]
[PlyCount "36"]
[EventDate "2010.07.05"]
[EventType "swiss"]
[EventRounds "9"]
[EventCountry "ARG"]
[Source "lmi"]
[SourceDate "2010.07.05"]

1. e4 e5 2. Bc4 Nf6 3. d4 exd4 4. Nf3 Nc6 5. Ng5 d5 6. exd5 Na5 7. O-O Nxc4 8.
Qe2+ Be7 9. Qxc4 O-O 10. Qxd4 Nxd5 11. c4 Nb4 12. Qxd8 Rxd8 13. Na3 Nd3 14. Be3
Nxb2 15. c5 Rd3 16. Nb5 Bd7 17. Rab1 Bxb5 18. Rxb2 c6 1-0

[Event "85. Argentino Superior Absoluto 2010 "]
[Site "Buenos Aires ARG"]
[Date "2010.07.15"]
[Round "10.16"]
[White "Benedetti, Julio"]
[Black "Gimenez, Santiago"]
[Result "0-1"]
[WhiteElo "1945"]
[BlackElo "2253"]
[PlyCount "79"]
[EventDate "2010.07.05"]
[EventType "swiss"]
[EventRounds "9"]
[EventCountry "ARG"]
[Source "lmi"]
[SourceDate "2010.07.05"]

1. e4 c5 2. c3 d5 3. exd5 Qxd5 4. d4 Nf6 5. Nf3 e6 6. Bd3 Be7 7. O-O O-O 8. Be3
Rd8 9. Ne5 Nc6 10. Nxc6 Qxc6 11. dxc5 e5 12. Qe2 e4 13. Bb5 Qc7 14. b4 Bg4 15.
Qc2 a5 16. Nd2 axb4 17. cxb4 Qe5 18. h3 Be6 19. a4 Rac8 20. Rab1 Bd6 21. Rfe1
Qh2+ 22. Kf1 Qh1+ 23. Ke2 Qxg2 24. Rg1 Qxh3 25. Nxe4 Bg4+ 26. Ke1 Be5 27. Bf1
Qf3 28. Bg2 Qf5 29. Nxf6+ Qxf6 30. Bxb7 Bc3+ 31. Kf1 Bh3+ 32. Ke2 Be6 33. Kf1
Bc4+ 34. Kg2 Bd3 35. Qb3 Qg6+ 36. Kf3 Qh5+ 37. Kg3 Qg6+ 38. Kf3 Qf5+ 39. Kg3
Qe5+ 40. f4 0-1

[Event "85. Argentino Superior Absoluto 2010 "]
[Site "Buenos Aires ARG"]
[Date "2010.07.15"]
[Round "10.17"]
[White "Giuliani, German"]
[Black "Lezcano, Gustavo"]
[Result "1-0"]
[WhiteElo "1864"]
[BlackElo "2177"]
[PlyCount "99"]
[EventDate "2010.07.05"]
[EventType "swiss"]
[EventRounds "9"]
[EventCountry "ARG"]
[Source "lmi"]
[SourceDate "2010.07.05"]

1. g4 d5 2. h3 e5 3. d3 Be6 4. Bg2 Nc6 5. c4 dxc4 6. Bxc6+ bxc6 7. Qa4 cxd3 8.
Qxc6+ Bd7 9. Qe4 Bd6 10. Bg5 f6 11. Be3 Ne7 12. Qxd3 Bc6 13. f3 Rb8 14. Qc2 O-O
15. Nc3 Qc8 16. Bxa7 Ra8 17. Be3 Qb7 18. h4 Rfb8 19. Rb1 Bb4 20. Kf2 Bxc3 21.
Qxc3 Nd5 22. Qc5 Rxa2 23. Rc1 Qb3 24. h5 Bd7 25. Bd2 Rb5 26. Qc2 Rxb2 27. Qxb3
R5xb3 28. Ba5 Bb5 29. h6 c6 30. hxg7 Nf4 31. Rd1 Rd3 32. Rxd3 Bxd3 33. Bd8 Kxg7
34. g5 Nd5 35. gxf6+ Nxf6 36. Bxf6+ Kxf6 37. Rh6+ Bg6 38. Ke3 Kg5 39. Rh2 c5
40. Nh3+ Kf6 41. Rh1 c4 42. Rc1 Bf7 43. Nf2 Rb6 44. Ne4+ Kf5 45. Rg1 h6 46.
Ng3+ Ke6 47. Ne4 Kd5 48. Rg7 Bg6 49. Nc3+ Kc5 50. Na4+ 1-0